| 000 | 02604cam a22004814i 4500 | ||
|---|---|---|---|
| 003 | PE-LiUPU | ||
| 005 | 20250731173349.0 | ||
| 008 | 150706s r 000 0 d | ||
| 020 | _a9780802863935 | ||
| 035 | _a(Sirsi) i9780802863935 | ||
| 040 |
_aPE-LiUPU _bspa _cPE-LiUPU _erda |
||
| 049 | _aPRUA | ||
| 082 | 0 | 4 |
_a264 _bK98 _221 |
| 100 | 1 |
_aKuyper Abraham, _d1837-1920, _eautor. |
|
| 245 | 1 | 0 |
_aOur worship / _cAbraham Kuyper. |
| 264 | 1 |
_aGrand Rapids, Mich. : _bWilliam B. Eerdmans Pub. Co., _c2009. |
|
| 300 |
_a371 páginas ; _c23 centímetros |
||
| 336 |
_atext _2rdacontent |
||
| 337 |
_aunmediated _2rdamedia |
||
| 338 |
_avolume _2rdacarrier |
||
| 490 | 0 | _aThe Calvin Institute of Christian Worship liturgical studies series | |
| 505 | 0 | _aRevival of liturgical awareness -- The Assembly of believers -- Meeting with God as a reconciled congregation -- The Altar -- False spirituality -- Liturgical prayers -- Congregational song -- Our versified Psalter -- Clerical vestments -- The Church building -- The Seating arrangement -- The preservice meeting -- Reading Scripture -- The votum -- The benediction -- God's presence -- Confession of sin -- The Law of the Ten Commandments -- Confession -To be sung or spoken? -- Kneeling in prayer -- The Absolution -- The confession of faith -- The reading of Holy Scripture -- Preaching -- Transition to the preaching service -- Sermon preparation -- Choosing a text -- The Preacher and the congregation -- The conclusion of the service -- The Offerings -- Ecclesiastical ceremonies -- The Administration of holy baptism -- The Transition from holy baptism to the holy supper -- The Administration of the Lord's Supper -- Excommunication and readmission -- Ordination to church office -- The Marriage ceremony. | |
| 526 | _aSEG42 | ||
| 526 | _aSEG41 | ||
| 526 | _aSEG40 | ||
| 526 | _aSEG39 | ||
| 526 | _aP94 | ||
| 526 | _aP87 | ||
| 526 | _aP86 | ||
| 526 | _aP85 | ||
| 526 | _aP77 | ||
| 526 | _aP76 | ||
| 526 | _aP35 | ||
| 541 | _g8238765; | ||
| 650 | 0 | 4 | _aCulto público. |
| 700 | 1 |
_aBoonstra, Harry, _eed. |
|
| 910 |
_agl _bjv _clch _d20100216 |
||
| 942 |
_2ddc _cBOOK |
||
| 949 |
_a264 K98 _wDEWEY _c1 _i60965 _lCCODEBUL1 _mBUL _p30.00 _r0 _sY _tBOOK _u2015-7-6 _xTEOLOGIA _zUNKNOWN _0COMPRA _o.STAFF. Colección General |
||
| 994 |
_aC0 _bPEPRU |
||
| 596 | _a1 | ||
| 999 |
_a264 K98 _wDEWEY _c50316 _i60965 _f2021-11-10 _g5 _lCCODEBUL1 _mBUL _p30.00 _r0 _sY _tBOOK _u2015-7-6 _xTEOLOGIA _zUNKNOWN _0COMPRA _o.STAFF. Colección General _d50316 |
||
| 980 |
_81 _gALBERTO SANCHEZ Responsable de Automatización |
||